| 000 | 00529cam a2200181 a 4500 | ||
|---|---|---|---|
| 020 | _a0534175260 | ||
| 082 | 0 | 0 |
_a540 _bBRI _cL-7, P-10. |
| 100 |
_aBriscoe, Herman T. _940108 |
||
| 245 | 0 | 0 |
_aCollege chemistry : _cHerman Briscoe T. |
| 260 |
_aUSA. : _bCambridge Massachusetts, _cc1951. |
||
| 300 |
_aviii, 564 p. : _bill. (some col.) ; _c26 cm. |
||
| 500 | _aIncludes index. | ||
| 526 |
_a0 _b0 _c0 _d540_000000000000000_BRI |
||
| 650 | 0 | _aChemistry. | |
| 650 | 0 |
_aMCE _9379 |
|
| 700 | 1 |
_aHein, Morris. _940109 |
|
| 942 |
_2ddc _cBK |
||
| 999 |
_c544473 _d544473 |
||